Statistics for Fast Typing A to Z - With Your Eyes Shut

Click here to take the quiz!

General Stats

  • This quiz has been taken 101 times
  • The average score is 21 of 26

Answer Stats

Answer% Correct
A
100%
B
97%
C
95%
D
94%
E
94%
F
91%
G
91%
H
91%
I
86%
J
84%
K
84%
L
84%
M
84%
N
83%
O
83%
P
81%
Q
77%
R
77%
S
75%
T
70%
U
70%
V
67%
W
67%
X
64%
Y
64%
Z
64%

Score Distribution

Percentile by Number Answered

Percent of People with Each Score

Your Score History

You have not taken this quiz